|
|
|
|
| LEADER |
01101nam a2200313 a 4500 |
| 001 |
10046 |
| 003 |
BD-DhAAL |
| 005 |
20151022020002.0 |
| 008 |
141203r20011993ii b 000 1 eng d |
| 020 |
|
|
|a 0706982495
|
| 040 |
|
|
|a BD-DhAAL
|c BD-DhAAL.
|
| 082 |
0 |
0 |
|a 823.8
|2 20
|
| 999 |
|
|
|c 33189
|d 33189
|
| 999 |
|
|
|c 33189
|
| 999 |
|
|
|c 13010
|
| 100 |
1 |
|
|a Brontë, Emily,
|d 1818-1848.
|9 6449
|
| 245 |
1 |
0 |
|a Wuthering Heights /
|c Emily Brontë
|
| 260 |
|
|
|a New Delhi :
|b Vikas Publishing House,
|c 1993 [Reprinted 2001]
|
| 300 |
|
|
|a 104 p. ;
|c 20 cm.
|
| 490 |
0 |
|
|a Madhuban Abridged Classics
|
| 541 |
|
|
|e 10046
|
| 650 |
|
0 |
|a Triangles (Interpersonal relations)
|v Fiction.
|9 6096
|
| 650 |
|
0 |
|a Rejection (Psychology)
|v Fiction.
|9 6450
|
| 650 |
|
0 |
|a Rural families
|v Fiction.
|9 6451
|
| 650 |
|
0 |
|a Foundlings
|v Fiction.
|9 6452
|
| 651 |
|
0 |
|a Yorkshire (England)
|v Fiction.
|9 6453
|
| 852 |
1 |
|
|a Ayesha Abed Library
|j General Shelf.
|
| 942 |
|
|
|2 ddc
|c BK
|0 1
|
| 952 |
|
|
|0 0
|1 0
|2 ddc
|4 0
|6 823_800000000000000_BRO
|7 0
|9 44303
|a BRACUL
|b BRACUL
|c GEN
|d 2014-12-03
|l 14
|m 39
|o 823.8 BRO
|p 3010010046
|r 2026-03-01
|s 2026-03-01
|t 1
|w 2014-12-03
|y BK
|